000 01415nam a22003617a 4500
003 CHAP
005 20220329143344.0
008 081202s2008 mx a r 00010 spa d
010 _a95447
011 _a96419
035 _a107072
040 _cCHAP
090 _aTesis
100 1 _aOrduña Uribe, Alma Rebeca.
_983464
245 1 0 _aDespacho aduanero de mercancías en aduanas interiores :
_bcaso aduana de Querétaro
_c/por Alma Rebeca Orduña Uribe
260 _aChapingo, Méx. :
_bEl autor,
_c2008
300 _a105 h. :
_bilus., cuadros, gráfs.
502 _aTesis (Lic. en Comercio Internacional de Productos Agropecuarios) -- UACH. División de Ciencias Económico Administrativas
530 _aTambién disponible en línea
590 _aALEPH
_b10
_c20130110
_lUCH01
_h1525
590 _aBATCH-UPD
_b10
_c20130110
_lUCH01
_h1455
590 _aBATCH-UPD
_b10
_c20130410
_lUCH01
_h0920
590 _aBATCH-UPD
_b10
_c20130914
_lUCH01
_h0111
590 _aBATCH-UPD
_b10
_c20140324
_lUCH01
_h1508
590 _aBATCH-UPD
_b10
_c20141002
_lUCH01
_h0837
590 _aCONVERSION
_b10
_c20130109
_lUCH01
_h1353
650 0 4 _aAduanas.
_9971
856 _3Finding aid
_uhttp://10.13.5.2/tesis/107072.pdf
_zTeclea aqui
901 _aBK
942 _cFOLL
949 _aTesis
_bBC
_cTES
_d33724002052248
_eTS1
_gDonaciØn
_h48368
_i107072
_sb
949 _aTesis
_bBC
_cTES
_d33724002052280
_eTS2
_fc.2
_gDonaciØn
_h48369
_i107072
_sb
999 _c95447
_d95447